| Поле | Инд. | ПП | Название | Значение |
|---|---|---|---|---|
| Тип записи | a | |||
| Библиографический уровень | m | |||
| 001 | _ | Контрольный номер | RU\infra-m\znanium\bibl\1093231 | |
| 005 | _ | Дата корректировки | 20250915104126.5 | |
| 008 | Кодируемые данные | 200324s2020 RU g rus u | ||
| 020 | a | ISBN | 978-5-394-03424-4 | |
| 040 | a | Служба первич. каталог. | Общество с ограниченной ответственностью «ЗНАНИУМ» | |
| 041 | a | Код языка текста | rus | |
| 044 | a | Код страны публикации | RU | |
| 084 | 2 | Источник индекса | okso | |
| a | Индекс другой классификации/Индекс ББК | 00.03.04 | ||
| 084 | 2 | Источник индекса | okso | |
| a | Индекс другой классификации/Индекс ББК | 38.03.01 | ||
| 084 | 2 | Источник индекса | okso | |
| a | Индекс другой классификации/Индекс ББК | 38.03.02 | ||
| 100 | 1_ | a | Автор | Кузнецов Игорь Николаевич |
| q | Полное имя | Игорь Николаевич | ||
| 245 | a | Заглавие | История | |
| b | Продолж. заглавия | Учебник | ||
| c | Ответственность | Белорусский государственный университет | ||
| 250 | a | Основные сведения об издании | 4 | |
| 260 | a | Место издания | Москва | |
| b | Издательство | Издательско-торговая корпорация "Дашков и К" | ||
| c | Дата издания | 2019 | ||
| 300 | a | Объем | 576 с. | |
| 520 | a | Аннотация | В учебнике на основе российских и зарубежных изданий рассматриваются основные вехи российской истории с IX по начало XXI в. Учебный материал излагается по главам в хронологическом порядке, а внутри них по разделам — по наиболее важным проблемам. В хронологической таблице приводится перечень главных событий и дат. Основное внимание уделяется рассмотрению сложных и противоречивых исторических процессов России. | |
| 521 | a | Примеч. о целев. назн. | ВО - Бакалавриат | |
| 650 | a | Основная рубрика | История. Исторические науки | |
| x | Основная подрубрика | Общие работы по истории России | ||
| 852 | x | Примечание, не предназначенное для пользователя | znanium2022 | |
| 856 | 4_ | a | Имя сервера/домена | znanium.com |
| m | Помощь | ebs_support@infra-m.ru | ||
| n | Местонахождение сервера | НИЦ ИНФРА-М | ||
| u | URL | http://znanium.com/catalog/document?id=358468 | ||
| z | Примечание для пользователя | Участвует в КО | ||
| 856 | 41 | a | Имя сервера/домена | znanium.com |
| d | Путь | /cover/1093 | ||
| f | Электронное имя | 1093231.jpg | ||
| q | Тип электронного формата | image/jpeg | ||
| u | URL | https://znanium.com/cover/1093/1093231.jpg |